Library of the University of Algiers 3
Ibrahim Sultan Cheibout
شعار جامعة الجزائر 3
مكتبة جامعة الجزائر 3
إبراهيم سلطان شيبوط

المركز القانوني لمتعدد الجنسية مع اشارة خاصة لحق المصري متعدد الجنسية في الترشيح ... / (رقم التسجيلة. 45991)

تفاصيل مارك
000 -LEADER
fixed length control field 02359nam a2200193Ia 4500
003 - CONTROL NUMBER IDENTIFIER
control field Ost
005 - DATE AND TIME OF LATEST TRANSACTION
control field 20260507075727.0
008 - FIXED-LENGTH DATA ELEMENTS--GENERAL INFORMATION
fixed length control field 260507s9999||||xx |||||||||||||| ||und||
040 ## - CATALOGING SOURCE
Transcribing agency fsecg
041 ## - LANGUAGE CODE
Language code of text/sound track or separate title ara
082 ## - DEWEY DECIMAL CLASSIFICATION NUMBER
Classification number 342.083
100 ## - MAIN ENTRY--PERSONAL NAME
Personal name خالد، هشام
Relator term مؤلف
245 #0 - TITLE STATEMENT
Title المركز القانوني لمتعدد الجنسية مع اشارة خاصة لحق المصري متعدد الجنسية في الترشيح ... /
Statement of responsibility, etc. هشام خالد
260 ## - PUBLICATION, DISTRIBUTION, ETC.
Place of publication, distribution, etc. الاسكندرية:
Name of publisher, distributor, etc. دار الفكر الجامعي,
Date of publication, distribution, etc. 2001
300 ## - PHYSICAL DESCRIPTION
Extent 429 صفحة؛
Dimensions 24 سم
520 ## - SUMMARY, ETC.
Summary, etc. في هذا الكتاب : مقدمة : المبحث الأول : ظاهرة تعدد الجنسيات وأسباب نشاتها : المطلب الأول : المقصود بظاهرة تعدد الجنسيات : المطلب الثانى : اسباب نشاة ظاهرى تعدد الجنسيات : مبدا حرية الدولة وتنظيم جنسياتها : اسباب التعدد المعاصر للميلاد : اسباب التعد اللاحق للميلاد-المبحث الثانى : المركز القانونى : لمتعدد الجنسية فى نطاق القانون القضائة الخاص الدولى : اولً: الجنسية المصرية هى احدى الجنسيات المتناوع فيها : الجنسية المصرية ليست احدى الجنسيات المتنازع فيها : الاتجاه الأول : الاتجاه الثانى : الاتجاه الثالث : الاتجاه الرابع : الاتجاه الخامس-المبحث الثالث : المركز القانونى لمتعدد الجنسية فى نطاق تنازع القوانين : المطلب الاول : جنسية دولة القاضى من بين الجنسيات المتراكمة : الاتجاه الاول : ترجيح جنسية دولة القاضى دائما : اعتناق التشريعات المختلفة للحل السابق : المطلب الثانى : جنسية دولة القاضى ليست من بين الجنسيات المتراكمة المعايير المقترحة للترجيح –المبحث الرابع : المركز القانونى لمتعدد الجنسية فى نطاق التمتع بالحقوق والتحمل
653 ## - INDEX TERM--UNCONTROLLED
Uncontrolled term الجنسية -قوانين وتشريعات
942 ## - ADDED ENTRY ELEMENTS (KOHA)
Koha item type كتب
المقتنيات
Withdrawn status Lost status Source of classification or shelving scheme Damaged status Not for loan Home library Current library Date acquired Serial enumeration / chronology Inventory number Total checkouts Full call number Barcode Date last seen Price effective from Koha item type
    Library of Congress Classification   NOT LOAN / إعارة داخلية مكتبة كلية العلوم الإقتصادية والعلوم التجارية وعلوم التسيير مكتبة كلية العلوم الإقتصادية والعلوم التجارية وعلوم التسيير 07/05/2026 الطابق الأرضي 1131/1   أ/1131ن1 1131/1 07/05/2026 07/05/2026 كتب
    Dewey Decimal Classification   Available مكتبة كلية العلوم الإقتصادية والعلوم التجارية وعلوم التسيير مكتبة كلية العلوم الإقتصادية والعلوم التجارية وعلوم التسيير 07/05/2026 الطابق الثاني 1131/2   أ/1131ن2 1131/2 07/05/2026 07/05/2026 كتب

موارد الويب المفتوحة


© University of Algiers 3 All Rights Reserved
|
Implemented by LECHELAH Riad